000 00730nam a22001937a 4500
999 _c7019
_d7019
003 CISL
005 20260111000711.0
008 250111t2022 bg |||g |||| 000 f|ben|d
020 _a98482861657
040 _cCISL
082 _222
_a891.44371
_bCSB
100 _aচট্টোপাধ্যায়, শরৎচন্দ্র
_4Sarat Chandra Chattopadhyay
245 _aবৈকুন্ঠের উইল /
_cশরৎচন্দ্র চট্টোপাধ্যায়
260 _aঢাকা:
_bশব্দশিল্প,
_c[c2022.]
300 _a৯৫ পৃ.
_b২১.০৫ সে.মি.
650 _xBengali literature
_xNovel
_zBangladesh
650 _xJuvenile Literature
942 _2ddc
_cBK